00238pam a2200121 a 4500020000500000041000500005100001500010245004200025260000900067300000800076653001600084700001600100 c h aG.S.Birdie aWater Supply and Sanitary Engineering c1994 a979 aEngineering aJ.S.Biradie